Decreto de creación # 10458-P-OP del 27 de agosto 1979
保存先:
| 団体著者: | |
|---|---|
| フォーマット: | テキスト |
| 出版事項: |
San José:
Imprenta Nacional
|
| タグ: |
タグ追加
タグなし, このレコードへの初めてのタグを付けませんか!
|
MARC
| LEADER | 00000 a a2200000 04500 | ||
|---|---|---|---|
| 001 | 14423 | ||
| 003 | |||
| 040 | |||
| 090 | |a 017900 | ||
| 110 | |a Sector de Vivienda y Asentamientos Humanos (Costa Rica) | ||
| 245 | |a Decreto de creación # 10458-P-OP del 27 de agosto 1979 | ||
| 260 | |a San José: |b Imprenta Nacional | ||
| 300 | |a 12 p. | ||
| 999 | |c 2408 |d 2408 | ||
